00318 2200133 4500001002100000005001500021035002000036245004000056100001900096260003600115082000800151084001400159990001100173INLIS00000000000250020250604112611 a0010-06250000861 aAzab dan Sengsara /cMerari Siregar0 aMerari Siregar aJakarta :bBalai Pustaka,c1996 a800 a800 MER a a995450